| 000 | 00802nam a2200241 a 4500 | ||
|---|---|---|---|
| 999 |
_c11178 _d11178 |
||
| 001 | 11178 | ||
| 003 | BD-JhCC | ||
| 005 | 20190806140255.0 | ||
| 008 | 190606b 2017bg |||| ||a| 000 0 ben d | ||
| 020 | _a9789849237877 | ||
| 035 | _a(BD-JhCC)11178 | ||
| 040 |
_aBD-JhCC _dBD-JhCC |
||
| 041 | _aben | ||
| 082 |
_bCHO 2017 _a332.642 |
||
| 100 | _aচৌধুরী, সিরাজুল ইসলাম | ||
| 245 |
_aপুঁজিবাদের দুঃশাসন / _c সিরাজুল ইসলাম চৌধুরী । |
||
| 260 |
_aঢাকা: _bরোদেলা প্রকাশ; _c২০১৭. |
||
| 300 |
_a১৭৫ পৃ. : _c২২ সেমি. |
||
| 650 | _aStock exchanges | ||
| 650 | _aPortfolio management | ||
| 942 |
_2ddc _cBK |
||